Polská hyperinflace a stabilizace v období 1989-1990. 1.

Zdroje hyperinflácie v Poľsku. Inflačný proces v 80. rokoch. Pokusy o stabilizáciu. Ekonomická nerovnováha. Poľský program hospodárskej stabilizácie od začiatku r. 1990. Realizácia programu (štátny rozpočet, ceny, úroková miera, mzdy, menový kurz). Výsledky hodnotenia realizácie hospodárskeho progra...

Description complète

Enregistré dans:
Détails bibliographiques
Auteur principal: Kolodko, G.W
Format: Chapitre de livre
Langue:tchèque
Sujets:
Tags: Ajouter un tag
Pas de tags, Soyez le premier à ajouter un tag!

MARC

LEADER 00000naa a2200000 4500
001 r002304
005 20220819181028.2
041 0 |a cze 
044 |a [CS] 
245 1 0 |a Polská hyperinflace a stabilizace v období 1989-1990. 1.  |c G.W. Kolodko 
520 |a Zdroje hyperinflácie v Poľsku. Inflačný proces v 80. rokoch. Pokusy o stabilizáciu. Ekonomická nerovnováha. Poľský program hospodárskej stabilizácie od začiatku r. 1990. Realizácia programu (štátny rozpočet, ceny, úroková miera, mzdy, menový kurz). Výsledky hodnotenia realizácie hospodárskeho programu. 
610 2 0 |a inflácia 
610 2 0 |a PR 
610 2 0 |a stabilizácia hospodárstva 
610 2 0 |a 1989-1990 
610 2 0 |a nerovnováha hospodárska 
610 2 0 |a mzdy 
610 2 0 |a kurz menový 
610 2 0 |a rozpočet štátny 
610 2 0 |a ceny 
610 2 0 |a miera úroková 
100 1 |a Kolodko, G.W.